|
|
|
|
| LEADER |
00000nab a2200000 a 4500 |
| 001 |
vtls000573383 |
| 003 |
SK-MaSNL |
| 005 |
20260303122420.0 |
| 008 |
120929c1996 xo 0 slo |
| 015 |
|
|
|a SNBRB19rr/mm-uuuuu
|
| 035 |
|
|
|a CL0573521
|
| 040 |
|
|
|a SNKBUCL
|b slo
|c SNKBUCL
|e AACR2
|
| 041 |
0 |
|
|a slo
|
| 044 |
|
|
|a xo
|c SK
|
| 080 |
|
|
|a 796.925.093.1(100)
|2 1981
|
| 100 |
1 |
|
|a Hinšt, Jaroslav
|4 aut
|9 223305
|
| 245 |
1 |
0 |
|a "Goldiho" (konečne) prvé zlato
|b Na majstrovstvách sveta v letoch na lyžiach: 1. Goldberger, 2. Ahonen, 3. Franc
|c Jaroslav Hinšt
|
| 650 |
0 |
7 |
|a lety na lyžiach
|2 snkbucl
|9 853197
|
| 655 |
|
7 |
|a články z novín a časopisov
|2 snkbucl
|9 267496
|
| 773 |
0 |
|
|t Šport
|g Roč. 50, č. 35 (12. 2. 1996), s. 11
|
| 850 |
|
|
|a Slovenská národná knižnica v Martine
|a MTA001
|
| 852 |
|
|
|a SNK
|b KIS3GCP
|
| 958 |
|
|
|a RK
|
| 992 |
|
|
|a RBX
|
| 999 |
|
|
|c 1920913
|d 1922843
|